Statistics for Warcraft Lore Names

Click here to take the quiz!

General Stats

  • This quiz has been taken 255 times
  • The average score is 9 of 15

Answer Stats

HintAnswer% Correct
The second Lich KingArthas
90%
Leader of the Burning LegionSargeras
86%
Old God discovered in NorthrendYogg-Saron
86%
Home planet of the EredarArgus
81%
The Last GuardianMedivh
77%
Arthas's beloved horseInvincible
69%
Orc assassin once controlled by Gul'danGarona Halforcen
68%
Eldest of the Windrunner sistersAlleria
63%
First Warchief of the HordeBlackhand
59%
Axe of the Hellscream familyGorehowl
59%
Called "The Earth-Warder"Neltharion
53%
Leader of the Knights of the Ebon BladeDarion Mograine
47%
Varian Wrynn's fatherLlane Wrynn
41%
Kael'thas's fatherAnasterian
21%
Once King of AlteracAiden Perenholde
14%

Score Distribution

Percentile by Number Answered

Percent of People with Each Score

Your Score History

You have not taken this quiz